Toán tài chính ứng dụng : Tóm tắt cơ sở lý thuyết, bài toán ứng dụng - lời giải, bài tập - đáp số, hướng dẫn Excel

Sách gồm 8 chương trình bày những công cụ toán học hết sức cơ bản trong lĩnh vực toán tài chính nhằm phục vụ cho các tính toán chung. Trong mỗi chương đều có giới thiệu cơ sở lý thuyết, bài toán ứng dụng, bài tập và hướng dẫn sử dụng...

Descripción completa

Guardado en:
Detalles Bibliográficos
Otros Autores: Nguyễn Tấn Bình
Formato: Libro
Lenguaje:Vietnamese
Publicado: H. Thống kê 2010
Materias:
Etiquetas: Agregar Etiqueta
Sin Etiquetas, Sea el primero en etiquetar este registro!
Thư viện lưu trữ: Thư viện Trường Đại học Nam Cần Thơ
LEADER 01860aam a22002418a 4500
001 NCT_20466
008 160713s2016 ||||||viesd
999 |c 971  |d 971 
020 |c 75000 
082 0 4 |2 23rd ed.  |a 658.15  |b B312 
245 0 0 |a Toán tài chính ứng dụng :  |b Tóm tắt cơ sở lý thuyết, bài toán ứng dụng - lời giải, bài tập - đáp số, hướng dẫn Excel  |c Nguyễn Tấn Bình (biên soạn) 
260 |a H.  |b Thống kê  |c 2010 
300 |a 369 tr.  |c 24 cm 
520 3 |a Sách gồm 8 chương trình bày những công cụ toán học hết sức cơ bản trong lĩnh vực toán tài chính nhằm phục vụ cho các tính toán chung. Trong mỗi chương đều có giới thiệu cơ sở lý thuyết, bài toán ứng dụng, bài tập và hướng dẫn sử dụng Excel. 
653 |a Tài chính - Ngân hàng 
700 1 |a Nguyễn Tấn Bình 
942 |2 ddc  |c BK 
952 |0 0  |1 0  |2 ddc  |4 0  |6 658_150000000000000_B312  |7 0  |9 5883  |a 000001  |b 000001  |d 2018-01-04  |o 658.15 B312  |p MD.06212  |r 2018-01-04  |v 75000.00  |w 2018-01-04  |y BK 
952 |0 0  |1 0  |2 ddc  |4 0  |6 658_150000000000000_B312  |7 0  |9 5884  |a 000001  |b 000001  |d 2018-01-04  |o 658.15 B312  |p MD.06213  |r 2018-01-04  |v 75000.00  |w 2018-01-04  |y BK 
952 |0 0  |1 0  |2 ddc  |4 0  |6 658_150000000000000_B312  |7 0  |9 5885  |a 000001  |b 000001  |d 2018-01-04  |l 1  |o 658.15 B312  |p MD.06214  |r 2019-09-27  |s 2019-09-19  |v 75000.00  |w 2018-01-04  |y BK 
952 |0 0  |1 0  |2 ddc  |4 0  |6 658_150000000000000_B312  |7 0  |9 5886  |a 000001  |b 000001  |d 2018-01-04  |o 658.15 B312  |p MD.06215  |r 2018-01-04  |v 75000.00  |w 2018-01-04  |y BK 
952 |0 0  |1 0  |2 ddc  |4 0  |6 658_150000000000000_B312  |7 0  |9 5887  |a 000001  |b 000001  |d 2018-01-04  |o 658.15 B312  |p MD.06216  |r 2018-01-04  |v 75000.00  |w 2018-01-04  |y BK 
980 |a Thư viện Trường Đại học Nam Cần Thơ